League of Legends - Champions Shurima - Statistiques

Statistiques générales
  • Ce quiz a été pris 218 fois
    210 depuis la dernière actualisation
  • Le résultat moyen est 11 sur 21
Statistiques - réponses
Réponse % Correct
Azir
98%
Renekton
97%
Nasus
94%
Sivir
86%
Xerath
83%
Taliyah
72%
Rammus
65%
Kai'Sa
60%
Akshan
59%
Rek'Sai
57%
Kassadin
51%
Amumu
48%
K'Sante
45%
Naafiri
42%
Skarner
37%
Aatrox
36%
Samira
31%
Malzahar
29%
Varus
24%
Jax
17%
Zilean
12%
Aucun quiz correspondant
Distribution des résultats
% des personnes avec chaque résultat
Percentile par nombre de réponses
Votre historique - résultats
Vous n’avez pas pris ce quiz depuis la dernière actualisation